[Event "Villa Ballester op 54th"]
[Site "Villa Ballester"]
[Date "2004.01.08"]
[Round "1"]
[White "Flores, Diego"]
[Black "Perez, Mario Abel"]
[Result "1-0"]
[WhiteElo "2440"]
[BlackElo "1875"]
[PlyCount "85"]
[EventDate "2004.01.07"]
[EventType "swiss"]
[EventRounds "9"]
[EventCountry "ARG"]
[SourceTitle "CBM 098 Extra"]
[Source "ChessBase"]
[SourceDate "2004.03.10"]
[SourceVersion "2"]
[SourceVersionDate "2004.03.10"]
[SourceQuality "1"]

1. Nf3 d5 2. c4 c6 3. b3 Nf6 4. Bb2 Bf5 5. g3 Nbd7 6. Bg2 e6 7. 0-0 Bd6 8. d3 0-0 9. Nbd2 Bg6 10. Re1 Qc7 11. Rc1 h6 12. Qc2 Rfe8 13. Qc3 Qb6 14. a3 Bc5 15. Rf1 Rac8 16. e4 dxe4 17. Nxe4 Bxe4 18. dxe4 e5 19. Qc2 a5 20. Rcd1 Rcd8 21. Rd2 Re7 22. Rfd1 Ng4 23. Bh3 Bxf2+ 24. Rxf2 Ne3 25. c5 Qa7 26. Qc1 Nxd1 27. Qxd1 Qxc5 28. Kg2 Qb6 29. Rd2 Qc7 30. Rd6 f6 31. Nh4 g5 32. Ng6 Rg7 33. Be6+ Kh7 34. Nxe5 fxe5 35. Bf5+ Kh8 36. Rxh6+ Kg8 37. Qh5 Kf8 38. Re6 Qb6 39. Rd6 Qxb3 40. Bxe5 Nxe5 41. Rxd8+ Ke7 42. Qe8+ Kf6 43. Rd6+ 1-0